000 01288nam a2200313 a 4500
001 000014921
003 DO-SdBNP
005 20230511100333.0
008 100127s2008 dr 001 0 spa d
020 _a9789945162448
040 _aDO-SdBNP
_bspa
_cBNPHU
049 _aBNPD
082 4 _a972.93697
_bH565j
_222
100 1 _aHerrera, Rafael Vinicio,
_d1957-
_933783
245 1 0 _aJarabacoa :
_borigen y desarrollo histórico /
_cRafael Vinicio Herrera.
260 _aJarabacoa, :
_bCPEC,
_c2008.
_fBúho
300 _a330 p. :
_bil., retrs. ;
_c24 cm.
490 1 _aPublicaciones de la Comisión Permanente de Efemérides Patrias
_v31
500 _aIncluye datos biográficos del autor.
504 _aIncluye referencias bibliográficas (p. 309-327)
650 4 _aCiudades y pueblos
_zRepública Dominicana
_9784
651 4 _aJarabacoa (República Dominicana)
_xVida Social Y Costumbres
_933784
651 4 _aJarabacoa (República Dominicana)
_xHistoria local
_926129
651 4 _aJarabacoa (República Dominicana)
_xDescripción
_933785
710 1 _aRepública Dominicana
_bComisión Permanente de Efemérides Patria
_945309
830 0 _aPublicaciones de la Comisión Permanente de Efemérides
_v31
_933786
910 _aValidado. Control de calidad BNPHU
942 _2ddc
_cLBS1
999 _c14501
_d14501